000
00333nam a2200157Ia 4500
008
210210b1896 xxu||||| |||| 00| 0 eng d
041
_a
eng
082
_a
829/195
100
_a
CORLLI (M)
245
_a
Mighty atom
260
_a
_b
-
_c
1896
650
_a
Mighty
650
_a
atom
690
_a
English Fiction
906
_a
016802
999
_c
136498
_d
136498